The labyrinths of information : challenging the wisdom of systems
Αποθηκεύτηκε σε:
| Κύριος συγγραφέας: | |
|---|---|
| Μορφή: | Βιβλίο |
| Γλώσσα: | English |
| Δημοσίευση: |
Oxford ; New York, NY :
Oxford University Press,
2004
|
| Θέματα: | |
| Ετικέτες: |
Προσθήκη ετικέτας
Δεν υπάρχουν, Καταχωρήστε ετικέτα πρώτοι!
|
MARC
| LEADER | 00000nam a2200000 i 4500 | ||
|---|---|---|---|
| 001 | 1/62669 | ||
| 008 | 071112s2004 eng d | ||
| 020 | |a 0-19-927526-2 | ||
| 035 | |l 10092238 | ||
| 040 | |a GR-MY-UA |b gre |e aacr | ||
| 041 | 0 | |a eng | |
| 082 | 0 | |a 658.4038 |2 (22) | |
| 100 | 1 | |a Ciborra, Claudio. | |
| 245 | 1 | 4 | |a The labyrinths of information : |b challenging the wisdom of systems / |c Claudio Ciborra ; with a foreword by Kristen Nygaard |
| 260 | |a Oxford ; New York, NY : |b Oxford University Press, |c 2004 | ||
| 300 | |a xv, 195 σ.; |c 23 εκ. | ||
| 504 | |a Περιέχει βιβλιογραφικές αναφορές (σ.[181]-183) και ευρετήριο. | ||
| 650 | 0 | 0 | |a Information technology. |
| 650 | 0 | 0 | |a Technological innovations. |
| 650 | 0 | 0 | |a Organizational change. |
| 852 | |a INST |b SAMOS |e 20071112 |h 658.4038 CIB |p 005300027799 |q 005300027799 |t BK |y 0 | ||
| 901 | |a BIBL3-2007-3 | ||
| 909 | |a Σ |b 139977 | ||
| 922 | |a 3ΕΛΗ |b 100710 |c ΕΠΕΑΕΚ2/ΤΜΠΕΣ |d ΠΑΠΑΣΩΤΗΡΙΟΥ | ||
| 970 | |a ΓΟΥΒΑΛΑ |b ΒΑΣΩ |z 2007/11/12 | ||